Statistiken für Bundesliga Stadien

Klicken Sie hier um das Quiz zu spielen!

Allgemein

  • Dieses Quiz wurde 129 mal gespielt
  • Das Durchschnittsergebnis liegt bei 10 aus 36

Antwortstatistiken

KapazitätStadion% Korrekt
75 021Allianz Arena
97%
81 365Signal Iduna Park
89%
62 271Veltins-Arena
64%
30 210BayArena
56%
57 000Volksparkstadion
53%
74 475Olympiastadion Berlin
50%
58 000Deutsche Bank Park
49%
42 100Weserstadion
46%
50 000Rheinenergiestadion
43%
54 022Borussia-Park
41%
47 069Red-Bull-Arena
40%
30 000Volkswagen Arena
36%
22 012Stadion an der Alten Försterei
35%
30 660WWK Arena
28%
34 700Europa-Park Stadion
25%
30 150PreZero Arena
25%
54 600Merkur Spiel-Arena
23%
29 546Millerntor-Stadion
22%
50 000Max-Morlock-Stadion
20%
60 449MHP-Arena
19%
33 305Mewa Arena
17%
49 850Fritz-Walter-Stadion
16%
49 200Heinz-von-Heiden-Arena
16%
15 000Voith-Arena
16%
28 000Vonovia Ruhrstadion
16%
16 100Bremer Brücke
14%
29 000Ostseestadion
12%
17 810Merck-Stadion am Böllenfalltor
10%
15 034Holstein Stadion
8%
15 295BRITA-Arena
7%
23 325Eintracht Stadion
7%
15 000Home-Deluxe-Arena
6%
34 302BBBank Wildpark
5%
30 098MDCC-Arena
4%
18 000Sportpark Rohnhof Thomas Sommer
2%
10 000Ursapharm-Arena an der Kaiserlinde
2%

Verteilung der Resultate

Perzentil nach korrekt beantworteten Fragen

Anzahl Personen mit jedem Resultat

Ihre Resultats-Entwicklung

Sie haben dieses Quiz noch nicht gespielt